LIBRARY & INFORMATION CENTRE, KCAET, TAVANUR

ONLINE PUBLIC ACCESS CATALOGUE (OPAC)

Response surface optimisation of process variables for encapsulation of cumin oil by spray drying (Record no. 15534)

MARC details
000 -LEADER
fixed length control field 00556nam a22001577a 4500
003 - CONTROL NUMBER IDENTIFIER
control field OSt
008 - FIXED-LENGTH DATA ELEMENTS--GENERAL INFORMATION
fixed length control field 181016b ||||| |||| 00| 0 eng d
082 ## - DEWEY DECIMAL CLASSIFICATION NUMBER
Classification number 631.587
Item number SHA/RE
100 ## - MAIN ENTRY--AUTHOR NAME
Personal name Shahama, K
245 ## - TITLE STATEMENT
Title Response surface optimisation of process variables for encapsulation of cumin oil by spray drying
260 ## - PUBLICATION, DISTRIBUTION, ETC. (IMPRINT)
Place of publication TAVANUR
Name of publisher DEPARTMENT OF PROCESSING AND FOOD ENGINEERING
Year of publication 2018
300 ## - PHYSICAL DESCRIPTION
Number of Pages 166
Accompanying material CD
700 ## - ADDED ENTRY--PERSONAL NAME
Personal name Santhi Mary Mathew (Guide)
856 ## - ELECTRONIC LOCATION AND ACCESS
Uniform Resource Identifier <a href="https://drive.google.com/open?id=1uTGre6trl1gGSvCv7risXMVZDwrGoUzb">https://drive.google.com/open?id=1uTGre6trl1gGSvCv7risXMVZDwrGoUzb</a>
942 ## - ADDED ENTRY ELEMENTS (KOHA)
Koha item type Theses
Holdings
Withdrawn status Lost status Damaged status Home library Current library Date acquired Full call number Accession Number Koha item type Public note
      KAUAET KAUAET 16/10/2018 631.587 SHA/RE T 428 Theses M.Tech Thesis
free website counter